| 000 | 00774nam a2200277Ia 4500 | ||
|---|---|---|---|
| 001 | Para_3219 | ||
| 003 | CHAP | ||
| 008 | 220125s1936 xx 000 0 und d | ||
| 010 | _a201681 | ||
| 040 | _cCHAP | ||
| 090 | _aPA FOLLETO 950 | ||
| 100 | _aLutman, B. F. | ||
| 245 |
_aSoil actinomyces and potato scab / _c B. F. Lutman R. J. Livingston, Alice M. Schmidt |
||
| 260 |
_aVermont : _b Agricultural Experiment Station |
||
| 300 | _a32 p. | ||
| 440 |
_aVermont Agric. Exp. Sta. Bull; 401 _9166596 |
||
| 505 | _aFolleto | ||
| 650 | 7 |
_aPapas _xEnfermedades _2 _985227 |
|
| 901 | _aPA FOLLETO 950 | ||
| 902 | _aA | ||
| 905 | _a0000001936 VER 0000000000 00 | ||
| 910 | _a1936 | ||
| 942 | _cPARA | ||
| 942 |
_cPARA _d1 |
||
| 999 |
_c201681 _d201681 |
||